000 00792nam a2200217 i 4500
001 63269
003 ES-MaACL
005 20230906164822.0
007 t|
008 031205s1972 sp ||||1| spa d
100 1 _aFernández-Shaw, Guillermo,
_d1893-1965
_950102
245 1 0 _aLarga historia de "La vida breve"
_b: con un epistolario inédito de Manuel de Falla y el texto completo de la ópera /
_cGuillermo Fernández-Shaw.
260 _aMadrid :
_bRevista de Occidente,
_c[1972]
300 _a214 p. ;
_c18 cm.
600 1 4 _aFalla, Manuel de,
_d1876-1946-
_vCorrespondencia
_948757
700 1 _aFalla, Manuel de,
_d1876-1946
_948756
700 1 _aFernández-Shaw, Carlos,
_d1865-1911
_950098
740 3 2 _aLa vida breve.
852 _aES-MaACL
_jC-43632
999 _c63269
_d63269